000 00567nam a22001697a 4500
005 20260417091520.0
008 260417b |||||||| |||| 00| 0 eng d
020 _a9780803644175
050 _aRT 41
_b.H64 2017
100 _a Hoffman, Janice J.,
245 _aDavis advantage for medical-surgical nursing :
_bmaking connections to practice /
260 _a Philadelphia :
_bDavis Company,
_c2024
300 _a Includes bibliographical references and index.
650 _a Medical-Surgical Nursing
_xeducation
700 _aSullivan, Nancy J.,
942 _2lcc
_cBK
999 _c60371
_d60371